000 00443 a2200121 4500
001 ART_5502
005 20260410161616.0
008 260409a
245 1 0 _aTratamiento contable de las indemnizaciones por despido y por accidentes de trabajo a la luz de los recientes fallos de la Corte Suprema
100 1 _aSlosse, Carlos Alberto
700 1 _aGamondés, Santiago F.
773 0 _tEnfoques
_g- Nº 1 (ene. 2005)
_wREV416
999 _c11101
_d11101